| 000 | 00425nam a2200193Ia 4500 | ||
|---|---|---|---|
| 003 | 0100 | ||
| 008 | 130303s9999 xx 000 0 und d | ||
| 040 | _cARRUPELIB | ||
| 050 | _aD157.R573 | ||
| 100 | _aRiley-Smith, Jonathan | ||
| 245 | 4 | _aThe crusades | |
| 245 | _ba short history | ||
| 260 | _aLondon | ||
| 260 | _bThe Athlone Press | ||
| 260 | _C1987 | ||
| 300 | _a302p. | ||
| 300 | _b 23 cm | ||
| 942 |
_2lcc _03 |
||
| 999 |
_c66265 _d66265 |
||